[Event "4NCL Division 4 South"]
[Site "Reading, ENG"]
[Date "2017.04.30"]
[Round "10.94"]
[White "Carter, Gavin"]
[Black "Bennet-Stevens, Lucy"]
[Result "0-1"]
[WhiteElo "1277"]
[BlackElo "1643"]
[PlyCount "104"]
[EventDate "2017.04.30"]
[WhiteTeam "Barnet Knights 3"]
[BlackTeam "Sussex Martlets 3"]

1. e4 c5 2. c3 d5 3. e5 Qc7 4. Nf3 Nc6 5. d4 Bg4 6. Be2 cxd4 7. cxd4 Bxf3 8.
Bxf3 Nxd4 9. Qxd4 Qxc1+ 10. Bd1 a6 11. O-O Qc4 12. Qb6 Qc6 13. Qxc6+ bxc6 14.
Ba4 Kd7 15. Nd2 e6 16. Rac1 Rc8 17. f4 Bb4 18. Nf3 h6 19. Rc2 Ba5 20. g3 Bb6+
21. Kg2 Ne7 22. Rd1 Nf5 23. Rd3 Ne3+ 24. Rxe3 Bxe3 25. b4 Rc7 26. Rc3 Bb6 27.
Ne1 Rhc8 28. Nd3 Kd8 29. Nc5 Bxc5 30. bxc5 Rb8 31. Bb3 Rb4 32. Rd3 Rcb7 33. Kf3
a5 34. Rd2 R7b5 35. Rc2 a4 36. Bxa4 Rxa4 37. Ke3 Rba5 38. Kd3 Ra3+ 39. Ke2 Rxa2
40. Rxa2 Rxa2+ 41. Kf3 Rc2 42. h3 Rxc5 43. Ke3 Rc3+ 44. Kf2 d4 45. Ke2 c5 46.
h4 c4 47. g4 d3+ 48. Ke3 Rc2 49. f5 d2 50. fxe6 d1=Q 51. exf7 Qd3+ 52. Kf4 Rf2#
0-1

[Event "4NCL Division 4 South"]
[Site "Reading, ENG"]
[Date "2017.04.30"]
[Round "10.95"]
[White "Hedger, Alec"]
[Black "Angelopoulos, Andreas"]
[Result "1-0"]
[WhiteElo "1517"]
[BlackElo "1187"]
[PlyCount "79"]
[EventDate "2017.04.30"]
[WhiteTeam "Sussex Martlets 3"]
[BlackTeam "Barnet Knights 3"]

1. e4 c6 2. d4 d5 3. exd5 cxd5 4. c4 Nf6 5. Nc3 e6 6. Bg5 Bb4 7. Nf3 Bxc3+ 8.
bxc3 b6 9. Bd3 Nbd7 10. cxd5 exd5 11. O-O O-O 12. Qc2 Qc7 13. Rfe1 Bb7 14. Re7
Ne4 15. Bxe4 dxe4 16. Ne5 Bc6 17. Nxc6 Qxc6 18. Rxe4 h6 19. Bh4 Nf6 20. Bxf6
Qxf6 21. Rae1 Qc6 22. R4e3 Rac8 23. h3 b5 24. Qb1 a6 25. Rc1 Rfe8 26. Rxe8+
Rxe8 27. Qb3 Re2 28. Kf1 Re7 29. c4 Rd7 30. d5 Qc5 31. Qd3 bxc4 32. Rxc4 Rxd5
33. Qe4 Re5 34. Qa8+ Qf8 35. Rc8 Qxc8 36. Qxc8+ Kh7 37. Qxa6 Kg8 38. Qb6 f6 39.
a4 Kf7 40. a5 1-0

[Event "4NCL Division 4 South"]
[Site "Reading, ENG"]
[Date "2017.04.30"]
[Round "10.96"]
[White "Vaidya, Pranav"]
[Black "Kaya, Batuhan"]
[Result "0-1"]
[WhiteElo "842"]
[BlackElo "1432"]
[PlyCount "102"]
[EventDate "2017.04.30"]
[WhiteTeam "Barnet Knights 3"]
[BlackTeam "Sussex Martlets 3"]

1. Nf3 d5 2. d3 e6 3. Nbd2 Nf6 4. e4 dxe4 5. Ng5 Be7 6. Qe2 exd3 7. cxd3 Nc6 8.
Qf3 Nd4 9. Qd1 O-O 10. Ndf3 Bb4+ 11. Nd2 b5 12. Be2 Bb7 13. O-O Qd5 14. Ndf3 h6
15. Ne4 Nxe4 16. dxe4 Nxf3+ 17. Bxf3 Qxd1 18. Rxd1 Rfd8 19. Bf4 c5 20. e5 Bxf3
21. gxf3 Kf8 22. Rd6 Rxd6 23. exd6 Ke8 24. Rd1 Kd7 25. a3 Ba5 26. b3 Rc8 27.
Be3 a6 28. Kf1 Rc6 29. Bf4 f6 30. Rc1 e5 31. Be3 Bb6 32. f4 Kxd6 33. f5 Kd7 34.
Ke2 Ke7 35. f3 Bc7 36. Bxc5+ Bd6 37. Bxd6+ Kxd6 38. Rd1+ Kc7 39. Kd3 {(=)} Kb6
40. Ke3 Rc2 41. Rd7 Rg2 42. Rd6+ Kb7 43. h4 a5 44. Ke4 a4 45. b4 Kc7 46. Kd5
Rd2+ 47. Kc5 Rxd6 48. Kxb5 Rd3 49. Kxa4 Rxf3 50. b5 e4 51. Ka5 Rxa3+ 0-1

[Event "4NCL Division 4 South"]
[Site "Reading, ENG"]
[Date "2017.04.30"]
[Round "10.201"]
[White "Farr, Peter G"]
[Black "Ogunshola, Ben"]
[Result "0-1"]
[WhiteElo "2117"]
[BlackElo "2147"]
[PlyCount "52"]
[EventDate "2017.04.30"]
[WhiteTeam "Kent Kestrels"]
[BlackTeam "The Pitstop"]

1. c4 Nf6 2. Nc3 g6 3. g3 Bg7 4. Bg2 O-O 5. e4 d6 6. Nge2 e5 7. O-O Be6 8. d3
Qd7 9. f4 Nc6 10. Nd5 Nh5 11. f5 gxf5 12. Nec3 Nf6 13. Bg5 Ne8 14. exf5 Bxf5
15. Rxf5 Qxf5 16. Be7 Nd4 17. Ne3 Qd7 18. Bxf8 Bxf8 19. Ne4 f5 20. Ng5 Bh6 21.
h4 c6 22. Qh5 Qg7 23. Nxf5 Nxf5 24. Bh3 Nf6 25. Qf3 Nd4 26. Be6+ Kh8 0-1

[Event "4NCL Division 4 South"]
[Site "Reading, ENG"]
[Date "2017.04.30"]
[Round "10.204"]
[White "Green, George D A"]
[Black "Lettington, David"]
[Result "1/2-1/2"]
[WhiteElo "1840"]
[BlackElo "1660"]
[PlyCount "33"]
[EventDate "2017.04.30"]
[WhiteTeam "The Pitstop"]
[BlackTeam "Kent Kestrels"]

1. Nf3 d5 2. d4 Nf6 3. c4 c6 4. e3 Bf5 5. Qb3 Qb6 6. Nc3 Qxb3 7. axb3 e6 8. Be2
Bc2 9. Nd2 Bb4 10. f3 Nbd7 11. Kf2 O-O 12. Bd1 Bd3 13. Ra4 a5 14. Be2 Bc2 15.
Bd1 Bd3 16. Be2 Bc2 17. Bd1 1/2-1/2

[Event "4NCL Division 4 South"]
[Site "Reading, ENG"]
[Date "2017.04.30"]
[Round "10.207"]
[White "Chidipothu, Nikhil"]
[Black "Sloan, Hamish"]
[Result "0-1"]
[WhiteElo "1435"]
[BlackElo "1505"]
[PlyCount "148"]
[EventDate "2017.04.30"]
[WhiteTeam "Kent Kestrels"]
[BlackTeam "The Pitstop"]

1. e4 c5 2. Nf3 d6 3. d4 cxd4 4. Nxd4 Nf6 5. Nc3 a6 6. Be3 e5 7. Nb3 Be6 8. Bd3
d5 9. exd5 Nxd5 10. Qd2 Nxc3 11. Qxc3 Nc6 12. O-O Bb4 13. Qe1 Bxe1 14. Rfxe1
O-O 15. Rad1 Qc7 16. Bd2 Rfe8 17. Re3 f6 18. Rg3 Bf7 19. Re1 Nd4 20. Re4 Nxb3
21. axb3 Re7 22. Rh4 g6 23. Rgh3 Be8 24. Rc4 Qd7 25. Bb4 Rg7 26. Be2 Rc8 27.
Rd3 Qxd3 28. Bxd3 Rxc4 29. Bxc4+ Bf7 30. Bd3 Be6 31. f3 Rd7 32. Kf2 Rxd3 33.
cxd3 Bxb3 34. Ke3 Kf7 35. d4 Ke6 36. dxe5 fxe5 37. Bc3 Kd5 38. f4 exf4+ 39.
Kxf4 Bc2 40. Kg5 h5 41. g4 hxg4 42. Kxg4 b5 43. h4 Kc4 44. h5 Bd1+ 45. Kg5 gxh5
46. Kh4 b4 47. Bh8 a5 48. Bg7 a4 49. Bh8 a3 50. bxa3 bxa3 51. Bg7 Kb3 52. Bh8
a2 53. Bg7 Kc2 54. Bh8 Kb1 55. Be5 a1=Q {White scoresheet reads "a1=?",
Black's "a1". Assumed "queen".} 56. Bxa1 Kxa1 57. Kg3 Kb2 58. Kh4 Kc2 59. Kg3
Kd2 60. Kh4 Ke3 61. Kg3 Bg4 62. Kh4 Kf3 63. Kg5 Kg3 64. Kf6 h4 65. Kg5 h3 66.
Kf6 h2 67. Kg5 h1=Q 68. Kf6 Qd5 69. Kg6 Qf5+ 70. Kh6 Qf6+ 71. Kh7 Bh5 72. Kg8
Bf7+ 73. Kf8 Bg6+ 74. Kg8 Qf7+ 0-1

[Event "4NCL Division 4 South"]
[Site "Reading, ENG"]
[Date "2017.04.30"]
[Round "10.203"]
[White "Froom, Oliver"]
[Black "Royal, Shreyas"]
[Result "1-0"]
[WhiteElo "1943"]
[BlackElo "1613"]
[PlyCount "43"]
[EventDate "2017.04.30"]
[WhiteTeam "The Pitstop"]
[BlackTeam "Wood Green MM 3"]

1. e4 c5 2. Nc3 Nc6 3. g3 g6 4. Bg2 Bg7 5. d3 e6 6. Be3 d6 7. Nge2 Nge7 8. Qd2
O-O 9. Bh6 Qb6 10. Bxg7 Kxg7 11. h4 h5 12. g4 hxg4 13. O-O-O Rh8 14. h5 Bd7 15.
Qg5 e5 16. h6+ Kg8 17. h7+ Rxh7 18. Rxh7 Kxh7 19. Qf6 Ng8 20. Rh1+ Nh6 21.
Qxf7+ Kh8 22. Rxh6# 1-0

[Event "4NCL Division 4 South"]
[Site "Reading, ENG"]
[Date "2017.04.30"]
[Round "10.206"]
[White "Johnson, Elizabeth"]
[Black "Fernando, Manel"]
[Result "0-1"]
[WhiteElo "1441"]
[BlackElo "1599"]
[PlyCount "84"]
[EventDate "2017.04.30"]
[WhiteTeam "Wood Green MM 3"]
[BlackTeam "The Pitstop"]

1. e4 c5 2. Nf3 Nc6 3. Bb5 e6 4. O-O Be7 5. Bxc6 bxc6 6. Nc3 Nf6 7. b3 O-O 8.
Bb2 d5 9. e5 Nd7 10. Ne2 Qc7 11. d4 Ba6 12. Re1 cxd4 13. Nexd4 c5 14. Ne2 Rab8
15. a3 d4 16. Ng3 Nb6 17. b4 Na4 18. Qc1 Nxb2 19. Qxb2 Bc4 20. Nd2 Bd5 21. c3
Qc6 22. Nde4 f5 23. exf6 Bxf6 24. Nxf6+ Rxf6 25. f3 d3 26. Ne4 Rg6 27. Qd2 c4
28. Qf4 Rf8 29. Qe3 Qa4 30. Rf1 Qb3 31. Ng3 Qxc3 32. Rfc1 Qb2 33. Rcb1 Qc2 34.
Qxa7 d2 35. Qf2 c3 36. b5 Qa4 37. Rb4 d1=Q+ 38. Rxd1 Qxd1+ 39. Nf1 Rxf3 40.
Qxf3 Bxf3 41. b6 Rxg2+ 42. Kh1 Qxf1# {times 0:06:15 v 0:32:00} 0-1

[Event "4NCL Division 4 South"]
[Site "Reading, ENG"]
[Date "2017.04.30"]
[Round "10.209"]
[White "Faizi, Tariq"]
[Black "Thatte, Nandinee"]
[Result "1-0"]
[WhiteElo "1410"]
[BlackElo "1427"]
[PlyCount "119"]
[EventDate "2017.04.30"]
[WhiteTeam "The Pitstop"]
[BlackTeam "Wood Green MM 3"]

1. e4 d6 2. Nf3 Nf6 3. Nc3 g6 4. Bc4 Bg7 5. O-O O-O 6. Re1 Nbd7 7. d4 e6 8. Bg5
e5 9. Qd2 Re8 10. h3 a6 11. Rad1 b5 12. Bd5 Rb8 13. Bc6 Rb6 14. Bxd7 Qxd7 15.
dxe5 dxe5 16. Qxd7 Nxd7 17. Rd2 h6 18. Be3 Rc6 19. Red1 Nb6 20. a3 Nc4 21. Rd8
Rf8 22. Rxf8+ Bxf8 23. Rd8 Nxe3 24. fxe3 Be6 25. Nxe5 Kg7 26. Nxc6 Bc5 27. Kf2
f5 28. Nd4 Bxd4 29. exd4 fxe4 30. Nxe4 Bf5 31. Ke3 g5 32. Ra8 Kg6 33. Rxa6+ Kg7
34. Ra7 Be6 35. Rxc7+ Kg6 36. Rc6 Kf7 37. b3 Ke7 38. Rb6 Bd7 39. Rxh6 Bf5 40.
g4 Bd7 41. Nxg5 Kd8 42. c4 bxc4 43. bxc4 Kc7 44. Rh7 Kd8 45. Rxd7+ Kxd7 46. Ke4
Kd6 47. a4 Kc6 48. h4 Kd6 49. Kf5 Ke7 50. a5 Kd6 51. h5 Kc7 52. h6 Kb7 53. h7
Ka6 54. h8=Q Kxa5 55. Qb8 Ka4 56. Qb5+ Ka3 57. Ke4 Ka2 58. Kd3 Ka3 59. Kc3 Ka2
60. Qb2# 1-0

[Event "4NCL Division 4 South"]
[Site "Reading, ENG"]
[Date "2017.04.30"]
[Round "10.202"]
[White "Desai, Nilomi"]
[Black "Watson, Mikey J"]
[Result "0-1"]
[WhiteElo "1705"]
[BlackElo "1674"]
[PlyCount "110"]
[EventDate "2017.04.30"]
[WhiteTeam "Wood Green MM 3"]
[BlackTeam "Kent Kestrels"]

1. d4 c5 2. Nf3 cxd4 3. Nxd4 Nf6 4. g3 e5 5. Nf3 e4 6. Nfd2 d5 7. Bg2 Bf5 8. c4
d4 9. Qb3 Qd7 10. O-O Nc6 11. e3 Bc5 12. Rd1 O-O 13. Qb5 Bg4 14. f3 dxe3 15.
Qxc5 exf3 16. Qxe3 f2+ 17. Qxf2 Bxd1 18. Nc3 Bh5 19. Nb3 Rad8 20. Nc5 Qc7 21.
Bf4 Qb6 22. Rc1 Ng4 23. N3a4 Nxf2 24. Nxb6 axb6 25. Nxb7 Nd3 26. Nxd8 Rxd8 27.
Rc2 Nd4 28. Rc3 Ne2+ 29. Kf1 Nxc3 30. bxc3 Nxf4 31. gxf4 Rd1+ 32. Kf2 Rd2+ 33.
Kg3 Rxa2 34. Bd5 Ra3 35. Kh4 Be2 36. Kg5 Rxc3 37. h4 Bxc4 38. Be4 b5 39. Kg4
Be2+ 40. Kf5 Rc5+ 41. Bd5 Rxd5+ 42. Ke4 Rc5 43. Kd4 Rc8 44. Ke3 b4 45. Kxe2 b3
46. Kf3 b2 47. Kg4 b1=Q 48. Kg3 Qd1 49. h5 Qxh5 50. f5 Qxf5 51. Kh4 Rc4+ 52.
Kg3 Qd3+ 53. Kf2 Rc2+ 54. Ke1 Qb3 55. Kd1 Qb1# 0-1

[Event "4NCL Division 4 South"]
[Site "Reading, ENG"]
[Date "2017.04.30"]
[Round "10.208"]
[White "Huang, Henry"]
[Black "Zhao, Haolin"]
[Result "0-1"]
[WhiteElo "1457"]
[BlackElo "1701"]
[PlyCount "128"]
[EventDate "2017.04.30"]
[WhiteTeam "Wood Green MM 3"]
[BlackTeam "Kent Kestrels"]

1. d4 Nf6 2. c4 e6 3. Nc3 Bb4 4. Qc2 Nc6 5. Nf3 O-O 6. a3 Bxc3+ 7. Qxc3 Ne4 8.
Qc2 f5 9. e3 b6 10. Bd3 Nf6 11. O-O Bb7 12. Bd2 Ne7 13. Ne1 Ne4 14. f3 Nxd2 15.
Qxd2 Ng6 16. Nc2 Qg5 17. Qe2 f4 18. e4 Rad8 19. e5 Ne7 20. Be4 Bxe4 21. fxe4
Ng6 22. Ne1 Nh4 23. Nf3 Nxf3+ 24. Qxf3 Rf7 25. Rad1 Rdf8 26. b4 c6 27. c5 b5
28. Ra1 h5 29. a4 a6 30. axb5 axb5 31. Ra7 g6 32. Ra3 Kg7 33. Ra7 Qd8 34. Ra3
Rh8 35. g3 Rhf8 36. Raa1 Qg5 37. Qg2 f3 38. Qf2 Qg4 39. Rae1 h4 40. Re3 g5 41.
Kh1 hxg3 42. Qxg3 Qxg3 43. hxg3 Rh8+ 44. Kg1 g4 45. Ree1 Rh3 46. Kf2 Rh2+ 47.
Ke3 Rg2 48. Rh1 Rxg3 49. Kd2 f2 50. Ref1 Rh3 51. Rxh3 gxh3 52. Ke2 h2 53. Rh1
f1=Q+ 54. Rxf1 Rxf1 55. Kxf1 h1=Q+ 56. Kf2 Qxe4 57. d5 cxd5 58. c6 dxc6 59. Kf1
Qc2 60. Ke1 Kg6 61. Kf1 Kf5 62. Ke1 Kf4 63. Kf1 Kf3 64. Kg1 Qg2# 0-1